1855 1550 1049 1482 1628 1313 1809 1313 1785 1419 1216 1161 1670 1169 1534 1209 1440 1511 1309 1827 1003 1904 1952 1102 1793 1698 1364 1217 1061 1540 1183 1986 1508 1112 1488 1755 1079 1304 1874 1768 1929 1677 1325 1328 1279 1984 1618 1086 1464 1944 1138 1445 1356 1248 1156 1897 1483 1378 1466 1195 1574 1209 1147 1317 1495 1565 1960 1851 1759 1545 1115 2000 1014 1407 1083 1226 1781 1850 1732 1540 1428 1860 1114 1702 1809 1787 1688 1523 1164 1182 1532 1906 1845 1241 1923 1803 1887 1738 1372 BCNSPRNW ULIB Ver.6.0+V

เปลี่ยนเป็นภาษาไทย

Change to English
 แสดงรายละเอียดบรรณานุกรม
  กลับหน้าหลัก

Brief Record : Get Marc (ISO 2709) : E-mail record : QR code < ปิดหน้าต่าง
LEADER : 00000nam 2200000uu 4500
001    13399111614
003     ULIB
008    110627s2540||||th 000 0 tha d
099    วพ.WY18^bป466ป 2540
100 0  ปราณี ศรีสรรพางค์
245 00 ปัจจัยที่มีผลต่อการตัดสินใจเลือกและไม่เลือกศึกษาต่อในวิชาชีพการพยาบาลของนักเรียนชั้นมัธยมศึกษาปีที่ 6 สังกัดกรมสามัญศึกษา ในจังหวัดนครสวรรค์/^cปราณี ศรีสรรพางค์
260    พิษณุโลก :^bมหาวิทยาลัยนเรศวร,^c2540
300    63 หน้า
650  7 ปัจจัยที่มีผลต่อการตัดสินใจเลือกและไม่เลือกศึกษาต่อ
945    ^p0^l0^i009543
995    ทศพร
999 ^a ใช้งานได้ทุกระบบ
รายการนี้ยังไม่มีแท็ก
คุณยังไม่ได้ล็อกอิน คุณสามารถมีกิจกรรมร่วมกับเว็บไซต์ได้ แต่ต้องล็อกอินก่อน ::
  ล็อกอิน

รายการสื่อสารสนเทศ

ลำดับที่ ประเภท เลขเรียก/บาร์โค้ด สถานที่ สถานะ
- ไม่พบข้อมูล -

BibComment


ยังไม่เคยถูกคอมเมนท์

คอมเมนท์ทรัพยากรรายการนี้
  คอมเมนท์: ปัจจัยที่มีผลต่อก..


 Copyright 2026. Bcnsprnw @Library